Aplikačná a komunikačná bezpečnosť v Symbian OS S60

Uložené v:
Podrobná bibliografia
Hlavný autor: Bortník, Vitalij (Autor)
Médium: Rukopis Kniha
Jazyk:Slovak
Vydavateľské údaje: Bratislava : STU v Bratislave FEI, 2009
Predmet:
Tagy: Pridať tag
Žiadne tagy, Buďte prvý, kto otaguje tento záznam!

MARC

LEADER 00000ntm a22000003a 4500
001 stu186144
005 20160719165119.1
008 090626s2009------------------------slo-d
040 |a STU  |b slo 
041 0 |a slo 
100 1 |a Bortník, Vitalij  |4 aut 
245 1 |a Aplikačná a komunikačná bezpečnosť v Symbian OS S60 
260 |a Bratislava :  |b STU v Bratislave FEI,  |c 2009 
300 |a 53 s 
650 7 |a informačná technika  |2 stusub 
650 7 |a Meracia technika  |2 stusub 
650 7 |a komunikačná bezpečnosť  |2 stusub